DISEÑO Y PLANIFICACIÓN DE EDIFICIO PARA LA POLICÍA MUNICIPAL Y DE TRÁNSITO, DISEÑO Y APERTURA DE CARRETERA PANAHA-CAK ́ABAJ, SANTA CRUZ, ALTA VERAPAZ./ (Registro nro. 2116)

Detalles MARC
000 -LEADER
campo de control de longitud fija 03447nam a22003377a 4500
001 - NÚMERO DE CONTROL
campo de control TIC 0008
003 - IDENTIFICADOR DE NÚMERO DE CONTROL
campo de control gtcocun
005 - FECHA Y HORA DE LA ÚLTIMA TRANSACCIÓN
campo de control 20250924164146.0
006 - CÓDIGOS DE INFORMACIÓN DE LONGITUD FIJA--CARACTERÍSTICAS DEL MATERIAL ADICIONAL
campo de control de longitud fija a||||gr|||| 00| 0
007 - CAMPO FIJO DE DESCRIPCIÓN FÍSICA--INFORMACIÓN GENERAL
campo de control de longitud fija ta
008 - DATOS DE LONGITUD FIJA--INFORMACIÓN GENERAL
campo de control de longitud fija 250924b2020 gt ||||| m||| 00| 0 eng d
040 ## - FUENTE DE CATALOGACIÓN
Centro catalogador/agencia de origen gtcocun
Lengua de catalogación SPA
Centro/agencia transcriptor gtcocun
Normas de descripción RDA
041 ## - CÓDIGO DE IDIOMA
Código de lengua del texto/banda sonora o título independiente SPA TIC 0008
084 ## - OTRO NÚMERO DE CLASIFICACIÓN
Número de control del registro de autoridad o número normalizado TIC 0008
100 ## - ENTRADA PRINCIPAL--NOMBRE DE PERSONA
Nombre de persona Paredes Ramírez, Sthefan Hernán
Término indicativo de función/relación Autor
245 ## - MENCIÓN DEL TÍTULO
Título DISEÑO Y PLANIFICACIÓN DE EDIFICIO PARA LA POLICÍA MUNICIPAL Y DE TRÁNSITO, DISEÑO Y APERTURA DE CARRETERA PANAHA-CAK ́ABAJ, SANTA CRUZ, ALTA VERAPAZ./
Mención de responsabilidad, etc. Sthefan Hernán Paredes Ramírez.
Medio Impreso
264 ## - PRODUCCIÓN, PUBLICACIÓN, DISTRIBUCIÓN, FABRICACIÓN Y COPYRIGHT
Producción, publicación, distribución, fabricación y copyright Cobán, Alta Verapaz:
Nombre del de productor, editor, distribuidor, fabricante Universidad de San Carlos de Guatemala, Centro Universitario del Norte, Ingeniería Civil
Fecha de producción, publicación, distribución, fabricación o copyright 2020
300 ## - DESCRIPCIÓN FÍSICA
Extensión 241 p.:
Otras características físicas Ilustraciones, gráficas.
Dimensiones 28 cm;
300 ## - DESCRIPCIÓN FÍSICA
Dimensiones PDF
336 ## - TIPO DE CONTENIDO
Fuente rdacontenido
Término de tipo de contenido Texto
Código de tipo de contenido txt
337 ## - TIPO DE MEDIO
Fuente rdamedio
Nombre/término del tipo de medio Computadora
Código del tipo de medio n
338 ## - TIPO DE SOPORTE
Fuente rdasoporte
Nombre/término del tipo de soporte Código en línea
Código del tipo de soporte cr
502 ## - NOTA DE TESIS
identificador de la tesis TIC 0008
502 ## - NOTA DE TESIS
Nota de tesis Tesis de grado
Tipo de título Ingeniería Civil,
Nombre de la institución que otorga el título Universidad de San Carlos de Guatemala, Centro Universitario del Norte, Ingeniería Civil
Año de obtención del título 2020
Identificador de la tesis TIC 0008
520 14 - RESUMEN, ETC.
Sumario, etc. A partir de las necesidades del municipio de Santa Cruz Verapaz y con base a las peticiones y exigencias de la Municipalidad de dicho municipio, específicamente de la Dirección Municipal de Planificación, se realizaron los diseños de dos proyectos los cuales se describen a continuación, edificio para la Policía Municipal y de Tránsito, el cual consiste en una edificación de 3 niveles, la cual es diseñada con el método de marcos rígidos de concreto en base a las normativas más usadas en el país AGIES y ACI. El otro proyecto consiste en el diseño y apertura de Carretera de la aldea de Panaha hacia Cak ́abaj el cual<br/>consiste en 1.6 kilómetros de longitud, un ancho de 5.50 metros, con una carpeta de balasto y carrileras de concreto ciclópeo en el caso de pendientes mayores al 18%.<br/><br/>Para cada proyecto se realizó la debida memoria de cálculo, en donde se encuentra el diseño y los criterios tomados en base a las normativas específicas, el juego de planos de cada proyecto especificando los detalles para su construcción y ejecución en el futuro, los<br/>presupuestos generales, precios unitarios, cronogramas de ejecución y financiero las<br/>especificaciones técnicas, estudios de suelos respectivos y todos los anexos<br/>correspondientes.<br/><br/>Por último, en el presente informe se detallan en 3 capítulos, la unidad de práctica, las actividades realizadas, análisis de resultados, además de realizar las conclusiones, recomendaciones y la debida bibliografía consultada a lo largo del informe. Se describen de manera específica cada diseño y cálculo realizado a lo largo de la etapa de ejecución del<br/>Ejercicio Profesional Supervisado. Ambos proyectos contribuyen al futuro desarrollo del municipio, facilitando las vías de comunicación y acceso con la carretera y creando infraestructura óptima para las dependencias policíacas.
650 14 - PUNTO DE ACCESO ADICIONAL DE MATERIA--TÉRMINO DE MATERIA
Fuente del encabezamiento o término LEMB
Término de materia o nombre geográfico como elemento de entrada Santa Cruz Verapaz, Alta Verapaz.
Subdivisión general Ingeniería
-- Planificación
-- Desarrollo
-- Infraestructura
-- Vía de comunicación
-- Carretera
700 ## - ENTRADA AGREGADA--NOMBRE PERSONAL
Nombre de persona Ing. Civil Marlon Alexander Moran Castro
Término indicativo de función/relación Asesor
856 ## - LOCALIZACIÓN Y ACCESO ELECTRÓNICOS
Identificador Uniforme de Recurso <a href="https://drive.google.com/file/d/1ZeKTv8xbR7Eybt6Z0irvB2Y8En7_7ga7/view">https://drive.google.com/file/d/1ZeKTv8xbR7Eybt6Z0irvB2Y8En7_7ga7/view</a>
Texto de enlace PDF
Nota pública Un ejemplar en línea.
942 ## - ELEMENTOS DE ENTRADA SECUNDARIOS (KOHA)
Fuente de la clasificación o esquema de estantería Clasificación Decimal Dewey
Tipo de ítem Koha TESIS
Parte de la signatura que identifica el ejemplar (Parte del ítem) TIC 0008
Prefijo de la signatura Clasificación
Suprimir en OPAC No
-- TIC_0008_000000000000000
Existencias
Estatus retirado Estado de pérdida Fuente de la clasificación o esquema de estantería Estado de daño No para préstamo Colección Biblioteca de origen Biblioteca actual Ubicación en estantería Fecha de adquisición Número de inventario Total de préstamos Signatura topográfica completa Código de barras Visto por última vez Precio de reemplazo Tipo de ítem Koha
    Clasificación Decimal Dewey     tesis BIBLIOTECA- CUNOR -JOSÉ LUIS GONZALES ROSALES BIBLIOTECA- CUNOR -JOSÉ LUIS GONZALES ROSALES Colección tesis 16/09/2025 TIC 0008   TIC 0008 TIC 0008 16/09/2025 16/09/2025 TESIS